| 000 | 00995cam a22002651 4500 | ||
|---|---|---|---|
| 001 | 2521 | ||
| 003 | BD-RjUL | ||
| 005 | 20211208233554.0 | ||
| 008 | 131211s1945 njuab 000 0 eng c | ||
| 035 | _a(BD-RjUL)2548 | ||
| 035 | _a(OCoLC)391124 | ||
| 040 |
_aPrinceton Univ. Library. _cODaWU _dOCoLC _dDLC _dBD-RjUL _beng |
||
| 041 | _aeng | ||
| 082 | 0 | 4 |
_223 _a327.0973 _bSPF 1945 |
| 100 | 1 |
_aSprout, Harold Hance, _d1901- _98156 |
|
| 245 | 1 | 0 |
_aFoundations of national power : _breadings on world politics and American security / _cEdited, with introductions and other original text, by Harold & Margaret Sprout. |
| 260 |
_aPrinceton, N.J., : _bPrinceton University Press, _c1945. |
||
| 300 |
_ax, 774 p. : _bill. ; _c24 cm. |
||
| 650 | 0 |
_aWorld politics _y1945-1955. _98157 |
|
| 650 | 0 |
_aInternational cooperation. _96901 |
|
| 651 | 0 |
_aUnited States _xForeign relations _y1945-1953. _98158 |
|
| 700 | 1 |
_aSprout, Margaret Tuttle, _d1903- _ejoint ed. _98159 |
|
| 942 |
_2ddc _cBK |
||
| 999 |
_c2521 _d2521 |
||